000 00335nam a22001337a 4500
008 171012b xxu||||| |||| 00| 0 eng d
020 _a9780813523125
041 _aeng
080 _a316
100 _a50
101 _aSOC
245 _aHAIR RAISIND BREATY CULTURE AND AFRICAN AMERICAN WOMEN
_cROOKS.N.M
942 _2udc
_cBK
999 _c33526
_d33526